000 00486cam a2200193ua 4500
001 11920
008 191118n ii |||gr||||Z||||||eng
020 _a1234567890123
040 _cMAIN
082 _a331.702
100 _aS.S. Khubani,
_eAuthor.
245 _aPersonality development and career management
_cBy S.S. Khubani
250 _a1st ed.
260 _aJaipur:
_bPrism Books,
_c2011.
300 _a250p.
653 _aLabor economics
653 _aMAIN Guide
942 _cBK
999 _c10708
_d10708